El buen gobierno y los archivos : memoria XXIV Congreso Archivístico Nacional, 23 y 24 de julio de 2010 /
Guardado en:
| Autores Corporativos: | , |
|---|---|
| Format: | Procedimiento de la Conferencia Bog |
| Sprog: | Spanish |
| Udgivet: |
San José, Costa Rica :
Ministerio de Cultura y Juventud, Dirección General del Archivo Nacional,
2012.
|
| Serier: | Cuadernillos del Archivo Nacional. Serie ¿Qué es y qué hace un archivo?
28 |
| Fag: | |
| Tags: |
Tilføj Tag
Ingen Tags, Vær først til at tagge denne postø!
|
MARC
| LEADER | 00000nam a2200000 i 4500 | ||
|---|---|---|---|
| 001 | CSIC001611631 | ||
| 005 | 20150703134003.0 | ||
| 008 | 140324s2012 cri 000 0 spa d | ||
| 020 | |a 9789968690003 | ||
| 040 | |a ES-MaCSI |b spa |c CIICLA | ||
| 082 | |a 027 |b C749b | ||
| 111 | 2 | |a Congreso Archivístico Nacional |n (24º |d 2012 |c San José, Costa Rica) | |
| 245 | 1 | 3 | |a El buen gobierno y los archivos : |b memoria XXIV Congreso Archivístico Nacional, 23 y 24 de julio de 2010 / |c Ministerio de Cultura y Juventud, Dirección General del Archivo Nacional. |
| 260 | |a San José, Costa Rica : |b Ministerio de Cultura y Juventud, Dirección General del Archivo Nacional, |c 2012. | ||
| 300 | |a 156 páginas | ||
| 490 | 1 | |a Cuadernillos del Archivo Nacional. Serie ¿Qué es y qué hace un archivo? |v 28 | |
| 650 | 1 | 4 | |a ARCHIVOS |z COSTA RICA |v CONGRESOS |
| 710 | 2 | |a Costa Rica |b Ministerio de Cultura y Juventud |b Dirección General del Archivo Nacional | |
| 942 | |2 ddc |c BK | ||
| 999 | |c 4354 |d 4354 | ||



